000 00836nam a2200253Ia 4500
003 OSt
005 20220923211121.0
006 a|||||r|||| 00| 0
007 ta
008 220922b |||||||| |||| 00| 0 hin d
020 _a8181436083 (hbk)
_c395
024 _a242,589
037 _b485, 02/03/2010, Vani Prakashan
_cTextual
040 _aARTS
_cARTS
_bhin
041 _2hin
_ahin
082 _aO152,3N296:g, P7
100 _aउपाध्याय, मधुकर
245 0 _aनिर्मल माया
246 _aNirmal māyā
260 _aनयी दिल्ली
_b वाणी प्रकाशन
_c2007
300 _a251पृ.
_ccm.
942 _hO152,3N296:g, P7
_cTEXL
_2CC
999 _c295514
_d295514